1159 1403 1594 1098 1985 1390 1995 1914 1877 1501 1004 1307 1831 1273 1973 1381 1031 1816 1322 1626 1905 1152 1601 1398 1548 1534 1306 1092 1546 1547 1376 1651 1712 1032 1380 1340 1675 1184 1559 1753 1481 1659 1127 1925 1116 1192 1400 1901 1310 1146 1592 1975 1980 1542 1741 1644 1581 1009 1054 1382 1405 1664 1418 1917 1497 1418 1549 1354 1551 1066 1190 1513 1013 1480 1456 1239 1436 1666 1467 1582 1646 1052 1393 1723 1303 1235 1499 1265 1270 1581 1607 1587 1723 1898 1836 1153 1480 1676 1613 BCNSPRNW ULIB Ver.6.0+V

เปลี่ยนเป็นภาษาไทย

Change to English
 แสดงรายละเอียดบรรณานุกรม
  กลับหน้าหลัก

Brief Record : Get Marc (ISO 2709) : E-mail record : QR code < ปิดหน้าต่าง
LEADER : 00000nam a2200337 a 4500
001    13399114530
003     ULIB
008    120411s||||||||th 000 0 tha d
020    ^a9781605476278
060 04 ^aWY152^bL765
245 00 ^aLippincott s nursing guide to expert elder care.^c[editor by] Margaret Eckman
246 13 ^aNursing guide to expert elder care.
260    ^aPhiladelphia :^bWolters Kluwer Health/Lippincott Williams,^c2011
300    ^aviii, 424 p. :^bill. ;^c23 cm.
500    ^aSend to Single Search
504    ^aIncludes bibliographical references and index.
650  2 ^aGeriatric Nursing^xmethods.
650  2 ^aAged^xphysiology.
650  2 ^aAged^xpsychology.
650  2 ^aNursing Care^xmethods.
710 2  ^aLippincott Williams & Wilkins.
945    ^p0^l0^i031633
995    ^a Kesorn
999 ^a ใช้งานได้ทุกระบบ
รายการนี้ยังไม่มีแท็ก
คุณยังไม่ได้ล็อกอิน คุณสามารถมีกิจกรรมร่วมกับเว็บไซต์ได้ แต่ต้องล็อกอินก่อน ::
  ล็อกอิน

รายการสื่อสารสนเทศ

ลำดับที่ ประเภท เลขเรียก/บาร์โค้ด สถานที่ สถานะ
- ไม่พบข้อมูล -

BibComment


ยังไม่เคยถูกคอมเมนท์

คอมเมนท์ทรัพยากรรายการนี้
  คอมเมนท์: Lippincott s nur..


 Copyright 2026. Bcnsprnw @Library